| 000 | 01073cab a2200337 4500 | ||
|---|---|---|---|
| 001 | ABS50135 | ||
| 008 | 090401t1994 xxu||||| |||| 00| 0 eng d | ||
| 035 | _a(Sirsi) u74345 | ||
| 041 | _aeng | ||
| 245 | _aRecycling in construction | ||
| 260 | _c1994 | ||
| 350 | _a0 | ||
| 490 |
_aSurveyor _v181(5278) 10 February 1994, 20-21(2) |
||
| 520 | _aPoses questions relevant to the use of recycled building materials. CIRIA has set up Research Project 481 waste minimisation and recycling in construction. | ||
| 650 | _aBUILT ENVIRONMENT-BUILDING MATERIALS | ||
| 650 | _aCIRIA | ||
| 650 | _aCONSTRUCTION INDUSTRY ENVIRONMENTAL FORUM | ||
| 650 | _aCONSTRUCTION INDUSTRY | ||
| 650 | _aCONSTRUCTION WASTE | ||
| 650 | _aDEMOLITION | ||
| 650 | _aPOLLUTION | ||
| 650 | _aRECYCLED MATERIALS | ||
| 650 | _aRECYCLING | ||
| 650 | _aSUSTAINABLE DEVELOPMENT | ||
| 650 | _aWASTE MANAGEMENT | ||
| 650 | _aWASTE MINIMISATION | ||
| 690 | _aBUILT ENVIRONMENT-BUILDING MATERIALS | ||
| 690 | _aENVIRONMENTAL AND LAND CONSULTANCY | ||
| 942 | _n0 | ||
| 948 | _c04/03/1997 | ||
| 999 |
_c46924 _d46924 |
||